000
00311nam a2200097Ia 4500
005
20250424112909.0
008
250424s9999 xx 000 0 und d
300
_a
iv, 854 p. :ill. ; 28 cm.
650
_a
Alternative medicine--Periodicals. Complementary Therapies. Alternative medicine.
942
_c
SR
999
_c
37754
_d
37754